Statistics for Creators of the most liked youtube videos

Click here to take the quiz!

General Stats

  • This quiz has been taken 6 times
  • The average score is 21 of 30

Answer Stats

#Creator/Artist% Correct
2Justin Bieber
100%
1Luis Fonsi
83%
1Dua Lipa
83%
3Ed Sheeran
83%
1Psy
83%
1Alan Walker
83%
1Adele
83%
1Mark Ronson
83%
2Katy Perry
83%
3BTS
83%
1Ariana Grande
83%
1Drake
83%
3Taylor Swift
67%
1Ellie Goulding
67%
1Shakira
67%
1Clean Bandit
67%
1The Chainsmokers
67%
1Charlie Puth
67%
1OneRepublic
67%
2Twenty One Pilots
67%
1Major Lazer and DJ Snake
67%
2Maroon 5
67%
1Marshmello
50%
1Eminem
50%
1Wiz Khalifa
50%
1Lil Pump
50%
1J Balvin and Willy William
50%
2DJ Snake
50%
1Passenger
33%
1MC Fioti
33%

Score Distribution

Percentile by Number Answered

Percent of People with Each Score

Your Score History

You have not taken this quiz